Ιστορία γενέσεως της ελληνικής γλώσσας : από τον έλλοπα-θηρευτή μέχρι την εποχή του Διός ; η αποκρυπτογράφησι των σημασιών των 24 γραμμάτων του αλφαβήτου

Αποθηκεύτηκε σε:
Λεπτομέρειες βιβλιογραφικής εγγραφής
Κύριος συγγραφέας: Τσατσόμοιρος, Ηλίας Λ.
Άλλοι συγγραφείς: Λάμπρου, Δημήτρης Ι., 1939-2018 (Επιμελητής έκδοσης)
Μορφή: Βιβλίο
Γλώσσα:Greek
Δημοσίευση: [Αθήνα] : Δαυλός, 1991.
Θέματα:
Ετικέτες: Προσθήκη ετικέτας
Δεν υπάρχουν, Καταχωρήστε ετικέτα πρώτοι!

MARC

LEADER 00000cam a2200000 i 4500
001 1/78559
008 960821s1991 gr | ||| |||| ||gre||
035 |a 1994  |b 3  |c Μηνάς  |l 10032956 
040 |a GR-MY-UA  |b gre  |e aacr 
041 0 |a gre 
082 7 |a 480   |2 (22) 
100 1 |a Τσατσόμοιρος, Ηλίας Λ. 
245 1 0 |a Ιστορία γενέσεως της ελληνικής γλώσσας :   |b από τον έλλοπα-θηρευτή μέχρι την εποχή του Διός ; η αποκρυπτογράφησι των σημασιών των 24 γραμμάτων του αλφαβήτου /   |c Η. Λ. Τσατσόμοιρος ; φιλολογική επιμέλεια: Δημήτρης Ι. Λάμπρου.  
260 |a [Αθήνα] :   |b Δαυλός,   |c 1991.  
300 |a 315 σ. ;   |c 24 εκ.  
650 0 0 |a Greek language  |x History. 
700 1 |a Λάμπρου, Δημήτρης Ι.,   |d 1939-2018,  |e edt 
852 |a INST  |b RHODES  |e 19960821  |h 480 ΤΣΑ  |p 005400007645  |q 005400007645  |t BK  |y 0 
852 |a INST  |b RHODES  |e 19960821  |h 480 ΤΣΑ  |p 005400007646  |q 005400007646  |t BK  |y 0 
852 |a INST  |b RHODES  |e 19990326  |h 480 ΤΣΑ  |p 005400015459  |q 005400015459  |t BK  |y 0 
909 |a Ρ  |b 038507 
909 |a Ρ  |b 038506 
909 |a Ρ  |b 053639 
922 |a 4ΕΛΗ  |b 199602  |c ΚΠΣ/ΔΕ  |d EMVASIS 
970 |z 2000/06